Pragmatic Philanthropy : Asian Charity Explained.

Bibliographic Details
Main Author: Shapiro, Ruth A.
Other Authors: Mirchandani, Manisha., Jang, Heesu.
Format: eBook
Language:English
Published: Singapore : Springer Singapore Pte. Limited, 2018.
Edition:1st ed.
Subjects:
Online Access:Click to View
LEADER 03038nam a22004093i 4500
001 EBC6422661
003 MiAaPQ
005 20231204023215.0
006 m o d |
007 cr cnu||||||||
008 231204s2018 xx o ||||0 eng d
020 |a 9789811071195  |q (electronic bk.) 
020 |z 9789811071188 
035 |a (MiAaPQ)EBC6422661 
035 |a (Au-PeEL)EBL6422661 
035 |a (OCoLC)1021187734 
040 |a MiAaPQ  |b eng  |e rda  |e pn  |c MiAaPQ  |d MiAaPQ 
050 4 |a HN49.C6 
082 0 |a 361.7095 
100 1 |a Shapiro, Ruth A. 
245 1 0 |a Pragmatic Philanthropy :  |b Asian Charity Explained. 
250 |a 1st ed. 
264 1 |a Singapore :  |b Springer Singapore Pte. Limited,  |c 2018. 
264 4 |c ©2018. 
300 |a 1 online resource (185 pages) 
336 |a text  |b txt  |2 rdacontent 
337 |a computer  |b c  |2 rdamedia 
338 |a online resource  |b cr  |2 rdacarrier 
505 0 |a Intro -- Foreword -- Acknowledgments -- Contents -- List of Authors -- Chapter 1: Asian Philanthropy Explained -- The "Asian Way" -- A "Trust Deficit" -- An Empirical Analysis -- Why Case Studies? -- Chapter 2: Old Money-The History of Giving in Asia -- India -- Philippines -- South Korea -- China -- Taiwan -- Japan -- Singapore -- Hong Kong -- Thailand -- Indonesia -- Malaysia -- Chapter 3: Changing Laws or Taxing Changes: Policies in Flux -- Increasing Local Philanthropy -- Conclusion -- Chapter 4: Philanthropists in Asia: What Do They Want? What Do They Get? -- Rely on Your Own Network -- Faith-based Funding -- Do It on Your Own -- Fund Foreign and Reputable Organizations -- Conclusion -- Chapter 5: Who Do You Know SDO? Relationships Matter -- Well-connected: Pre-existing Relationships -- Bypassing the Trust Deficit -- Conclusions: Strategies for Guanxi in the Social Delivery Sector -- Chapter 6: Government, Here to Help! -- Reimagining the Social Contract -- For Service Delivery -- As JV Partners -- As Venture Funders -- As Hybrid -- For Policy Change -- As National Expert -- As Bellwether -- To Scale -- Conclusion: Strategies for Government Engagement -- Chapter 7: Not Just Giving: How Do Companies Play? -- Chapter 8: Impact Investing in Asia: Just Getting Started -- Impact Investing and Asia -- Governments Join In -- Social Enterprises -- Hybrid Projects -- Conclusion -- Chapter 9: A New Social Contract -- Selected Bibliography -- Index. 
588 |a Description based on publisher supplied metadata and other sources. 
590 |a Electronic reproduction. Ann Arbor, Michigan : ProQuest Ebook Central, 2023. Available via World Wide Web. Access may be limited to ProQuest Ebook Central affiliated libraries.  
655 4 |a Electronic books. 
700 1 |a Mirchandani, Manisha. 
700 1 |a Jang, Heesu. 
776 0 8 |i Print version:  |a Shapiro, Ruth A.  |t Pragmatic Philanthropy  |d Singapore : Springer Singapore Pte. Limited,c2018  |z 9789811071188 
797 2 |a ProQuest (Firm) 
856 4 0 |u https://ebookcentral.proquest.com/lib/matrademy/detail.action?docID=6422661  |z Click to View